[Event "GER-chT School WK Girls"]
[Site "Playchess.com INT"]
[Date "2020.06.17"]
[Round "5.4"]
[White "Stauber, Anna"]
[Black "Bekteshi, Sara"]
[Result "1-0"]
[WhiteElo "1724"]
[BlackElo "1262"]
[PlyCount "51"]
[EventDate "2020.06.10"]
[EventType "team-swiss (blitz)"]
[EventRounds "7"]
[EventCountry "GER"]
[SourceTitle "EXT 2021"]
[Source "ChessBase"]
[SourceDate "2020.10.23"]
[SourceVersion "1"]
[SourceVersionDate "2020.10.23"]
[SourceQuality "1"]
[WhiteTeam "Berlin Kollwith Gymn"]
[BlackTeam "Borken"]
[WhiteTeamCountry "GER"]
[BlackTeamCountry "GER"]

1. d4 d5 2. Nf3 e6 3. e3 Nf6 4. Bd3 Bb4+ 5. c3 Bd6 6. Nbd2 0-0 7. 0-0 Nbd7 8. e4 dxe4 9. Nxe4 Nxe4 10. Bxe4 Qe8 11. Qc2 e5 12. Bxh7+ Kh8 13. Bd3 e4 14. Bxe4 Nb6 15. Bd2 c5 16. Rfe1 cxd4 17. Nxd4 Qe5 18. Nf3 Qe6 19. Bxb7 Bxb7 20. Rxe6 fxe6 21. Nd4 Rfe8 22. Re1 Bc8 23. Qg6 Rg8 24. Nxe6 a5 25. Ng5 Rf8 26. Qh7# 1-0